| 000 | 00628nam a2200205Ia 4500 | ||
|---|---|---|---|
| 999 |
_c37952 _d37952 |
||
| 003 | OSt | ||
| 005 | 20210222110640.0 | ||
| 008 | 160316s2002 xxu||||| |||| 00| 0 eng d | ||
| 020 | _a9781931938082 | ||
| 040 | _cn | ||
| 082 |
_a330.947000 _bCHE |
||
| 100 | _aChernoy L.S | ||
| 245 | _aEconomy, market, the state : measures to revitalise Russia | ||
| 260 |
_aNew York _bPleiades Publishing _c2002 |
||
| 300 | _a223p | ||
| 365 | _b Gratis | ||
| 650 | _a1. Industrial Policy - Russia - Federation2. Business & Politics - Russia - Federation3. Russia - Federation - Economic Policy - 1991 | ||
| 700 |
_a _a |
||
| 942 |
_2ddc _cBK |
||